Immigration Schweden - Statistiken

Allgemein
  • Dieses Quiz wurde 92 mal gespielt
  • Das Durchschnittsergebnis liegt bei 19 aus 25
Antwortstatistiken
Platz Land Anzahl % Korrekt
14. Norwegen 41.026
99%
10. Deutschland 51.434
98%
3. Finnland 140.337
98%
22. Russland 22.774
97%
21. Vereinigte Staaten 23.290
95%
15. Dänemark 38.929
93%
1. Syrien 193.594
90%
7. Afghanistan 60.858
87%
16. China 36.023
87%
2. Irak 146.440
87%
9. Türkei 52.628
86%
4. Polen 93.762
85%
5. Iran 81.301
84%
13. Indien 42.790
83%
18. Vereinigtes Königreich 31.035
83%
24. Pakistan 21.172
74%
17. Rumänien 32.741
62%
6. Somalia 70.184
55%
19. Libanon 28.885
53%
25. Vietnam 21.126
51%
12. Thailand 44.339
50%
23. Äthiopien 22.125
48%
11. Eritrea 47.156
48%
8. Bosnien und Herzegowina 60.161
44%
20. Chile 27.918
21%
Keine übereinstimmenden Quizze gefunden
Verteilung der Resultate
Anzahl Personen mit jedem Resultat
Perzentil nach korrekt beantworteten Fragen
Ihre Resultats-Entwicklung
Sie haben dieses Quiz noch nicht gespielt